000 00215nam a22000857a 4500
008 161116b xxu||||| |||| 00| 0 eng d
100 _91246
_aBPI India
245 _aThe Brave Soldier
260 _aNew Delhi
_bBPI India
_c2011
999 _c3950
_d3950